000 00348 a2200157 4500
001 147734
040 _cEscola São Tomás de Aquino
100 _aJUNQUEIRA, Sonia
240 1 0 _aA festa encrencada
_lpor
245 1 0 _aA festa encrencada
300 _a24
362 0 _a2010
440 1 _aÁtica
697 _a*LITERATURA INFANTIL
942 _cBK
999 _c147734
_d147734